Tribhuvan University Central Library

Use of authentic materials in extensive reading (Record no. 62164)

MARC details
000 -LEADER
fixed length control field 00483 a2200181 4500
041 ## - LANGUAGE CODE
Language code of text/sound track or separate title Eng
082 ## - DEWEY DECIMAL CLASSIFICATION NUMBER
Classification number CD5787
100 ## - MAIN ENTRY--PERSONAL NAME
Personal name Shahee, Parbati
245 ## - TITLE STATEMENT
Title Use of authentic materials in extensive reading
260 ## - PUBLICATION, DISTRIBUTION, ETC. (IMPRINT)
Place of publication, distribution, etc Kathmandu,
Date of publication, distribution, etc 2011
502 ## - DISSERTATION NOTE
Dissertation note Dissertation
Degree type Degree in Education
Name of granting institution T.U.
Year degree granted 2011
650 ## - SUBJECT ADDED ENTRY--TOPICAL TERM
Topical term or geographic name as entry element Language teaching
650 ## - SUBJECT ADDED ENTRY--TOPICAL TERM
Topical term or geographic name as entry element Linguistic scenario
650 ## - SUBJECT ADDED ENTRY--TOPICAL TERM
Topical term or geographic name as entry element Reading skills
650 ## - SUBJECT ADDED ENTRY--TOPICAL TERM
Topical term or geographic name as entry element Language classroom
653 ## - INDEX TERM--UNCONTROLLED
Uncontrolled term English education
942 ## - ADDED ENTRY ELEMENTS (KOHA)
Source of classification or shelving scheme Dewey Decimal Classification
Koha item type Audio Visual Materials
Holdings
Withdrawn status Lost status Source of classification or shelving scheme Damaged status Not for loan Home library Current library Date acquired Total Checkouts Full call number Barcode Date last seen Price effective from Koha item type
    Dewey Decimal Classification     Tribhuvan University Central Library Tribhuvan University Central Library 08/19/2011   CD5787 A5435 08/19/2011 08/19/2011 Audio Visual Materials